00385nam a2200133Ia 4500008004100000020001800041041000800059082001500067100002000082245006400102260003200166300001300198650004000211210716s2009 xx 000 0 und d a9780415398459 aeng a658.7 BRAA aBranch, Alan E. aGlobal supply chain management and international logistics. aNew y YorkbRoutledgec2009 axiii,173 aLogistics & Supply chain Management